[Event "Heusenstamm Sparkassen op-A 3rd"]
[Site "Heusenstamm"]
[Date "2016.11.25"]
[Round "2"]
[White "Marzahn, Heiko"]
[Black "Milov, Leonid"]
[Result "0-1"]
[WhiteElo "2059"]
[BlackElo "2406"]
[PlyCount "78"]
[EventDate "2016.11.24"]
[EventType "swiss"]
[EventRounds "7"]
[EventCountry "GER"]
[SourceTitle "EXT 2018"]
[Source "ChessBase"]
[SourceDate "2017.10.13"]
[SourceVersion "1"]
[SourceVersionDate "2017.10.13"]
[SourceQuality "1"]

1. e4 c5 2. Nf3 e6 3. d4 cxd4 4. Nxd4 Nc6 5. Nc3 Qc7 6. f4 a6 7. Nxc6 Qxc6 8. Bd3 b5 9. Qe2 Bb7 10. Bd2 Rc8 11. g4 Be7 12. g5 b4 13. Nd1 h6 14. h4 hxg5 15. fxg5 Bc5 16. Be3 Ne7 17. Nf2 Bxe3 18. Qxe3 Qc5 19. Qxc5 Rxc5 20. 0-0-0 Ng6 21. h5 Nf4 22. h6 Rxg5 23. hxg7 Rg8 24. Rdg1 Rxg1+ 25. Rxg1 Ke7 26. e5 Ng6 27. Bxg6 Rxg7 28. Rg4 Rxg6 29. Rxb4 Bc6 30. Nd3 Rg2 31. Rd4 Re2 32. c3 a5 33. a4 Kd8 34. Rf4 Be4 35. Nc5 Bg6 36. Rd4 Rc2+ 37. Kd1 Rxb2 38. Nxd7 Kc7 39. Rc4+ Kxd7 0-1

[Event "Frankfurt-chA"]
[Site "Frankfurt"]
[Date "2015.06.15"]
[Round "7"]
[White "Marzahn, Heiko"]
[Black "Hochmuth, Christian"]
[Result "0-1"]
[WhiteElo "2025"]
[BlackElo "1795"]
[PlyCount "88"]
[EventDate "2015.04.27"]
[EventType "swiss"]
[EventRounds "7"]
[EventCountry "GER"]
[SourceTitle "EXT 2016"]
[Source "ChessBase"]
[SourceDate "2015.10.08"]
[SourceVersion "1"]
[SourceVersionDate "2015.10.08"]
[SourceQuality "1"]

1. e4 c6 2. d4 d5 3. exd5 cxd5 4. Bd3 Nc6 5. c3 Qc7 6. Ne2 Nf6 7. Bf4 e5 8. dxe5 Nxe5 9. Bb5+ Bd7 10. Bxd7+ Kxd7 11. Bg5 Rd8 12. Bxf6 gxf6 13. f4 Nc4 14. Qd3 Kc8 15. b3 Nd6 16. 0-0 Ne4 17. Nd2 f5 18. Nd4 Bc5 19. b4 Bxd4+ 20. cxd4 Qb6 21. Nf3 Rhg8 22. Rac1+ Kb8 23. a3 Qg6 24. Rc2 f6 25. Rfc1 Rg7 26. Qb5 a6 27. Qb6 Rdg8 28. Ne1 Qg4 29. b5 axb5 30. Qxb5 Qxf4 31. Qe2 Ng5 32. Qd3 Qe4 33. Re2 Qxd3 34. Nxd3 Nf3+ 35. Kf1 Nxh2+ 36. Kg1 Nf3+ 37. Kh1 Nxd4 38. Rf2 b6 39. Nf4 Rd7 40. Rb2 Kb7 41. Rcb1 Rd6 42. Rb4 Nc2 43. R4b3 Ra8 44. Rc1 Rxa3 0-1

[Event "Frankfurt-chA"]
[Site "Frankfurt"]
[Date "2015.05.18"]
[Round "4"]
[White "Dreis, Volker"]
[Black "Marzahn, Heiko"]
[Result "1-0"]
[WhiteElo "1847"]
[BlackElo "2025"]
[PlyCount "51"]
[EventDate "2015.04.27"]
[EventType "swiss"]
[EventRounds "7"]
[EventCountry "GER"]
[SourceTitle "EXT 2016"]
[Source "ChessBase"]
[SourceDate "2015.10.08"]
[SourceVersion "1"]
[SourceVersionDate "2015.10.08"]
[SourceQuality "1"]

1. e4 c6 2. d4 d5 3. Nc3 dxe4 4. Nxe4 Nd7 5. Nf3 Ngf6 6. Nxf6+ Nxf6 7. Be2 g6 8. 0-0 Bg7 9. Ne5 Be6 10. c4 0-0 11. f4 Qb6 12. b3 Rfd8 13. Be3 Bf5 14. Bf3 h5 15. Qe1 Ng4 16. Bxg4 Bxg4 17. h3 Bf5 18. Rd1 f6 19. Nf3 Kf7 20. Qe2 Qc7 21. Nh4 Qc8 22. Bc1 Qe6 23. Qf2 Rd6 24. Ba3 Rd7 25. g4 hxg4 26. Rde1 1-0

[Event "Frankfurt-chA"]
[Site "Frankfurt"]
[Date "2013.05.06"]
[Round "2"]
[White "Makilla, Tobias"]
[Black "Marzahn, Heiko"]
[Result "1-0"]
[WhiteElo "1948"]
[BlackElo "2059"]
[PlyCount "98"]
[EventDate "2013.04.29"]
[EventType "swiss"]
[EventRounds "7"]
[EventCountry "GER"]
[SourceTitle "EXT 2014"]
[Source "ChessBase"]
[SourceDate "2013.11.20"]
[SourceVersion "1"]
[SourceVersionDate "2013.11.20"]
[SourceQuality "1"]

1. e4 d5 2. exd5 Nf6 3. Nf3 Nxd5 4. d4 Bg4 5. c4 Nb6 6. c5 N6d7 7. Qb3 Bxf3 8. Qxf3 Nc6 9. Be3 e5 10. Bb5 Qf6 11. Qxf6 Nxf6 12. Bxc6+ bxc6 13. dxe5 Nd7 14. f4 Bxc5 15. Bxc5 Nxc5 16. 0-0 Rb8 17. b3 Ne6 18. Na3 g6 19. Rac1 Rb6 20. Nc4 Rb5 21. Ne3 Rb6 22. Rc4 Kd7 23. Ng4 Kc8 24. Rd1 Rd8 25. Rxd8+ Kxd8 26. Nf6 h5 27. g3 Kc8 28. Kf2 Ra6 29. Rc2 Ra5 30. Rd2 Rc5 31. Kf3 Rc3+ 32. Ke4 Rc1 33. Rf2 Ng7 34. Rd2 Ne6 35. Rf2 Ng7 36. Kd3 Rd1+ 37. Kc4 Rc1+ 38. Kb4 Re1 39. Nh7 Ne6 40. Nf6 Rd1 41. f5 Nd8 42. e6 c5+ 43. Kc3 Nxe6 44. fxe6 fxe6 45. Re2 Rh1 46. Kc4 Rf1 47. Ne4 h4 48. gxh4 Rf4 49. Kxc5 Rxh4 1-0

[Event "Wiesbaden op 24th"]
[Site "Wiesbaden"]
[Date "2012.08.26"]
[Round "7"]
[White "Goloborodko, Dimitri"]
[Black "Marzahn, Heiko"]
[Result "1/2-1/2"]
[WhiteElo "2124"]
[BlackElo "2025"]
[PlyCount "74"]
[EventDate "2012.08.23"]
[EventType "swiss"]
[EventRounds "7"]
[EventCountry "GER"]
[SourceTitle "CBM 150 Extra"]
[Source "ChessBase"]
[SourceDate "2012.10.19"]
[SourceVersion "1"]
[SourceVersionDate "2012.10.19"]
[SourceQuality "1"]

1. d4 f5 2. c4 Nf6 3. Nc3 e6 4. g3 d5 5. Bg2 c6 6. Nf3 Bd6 7. c5 Bc7 8. Bf4 Bxf4 9. gxf4 0-0 10. b4 Ne4 11. Rc1 Bd7 12. e3 Be8 13. Ne5 Nd7 14. 0-0 Kh8 15. Ne2 Rg8 16. f3 Nef6 17. h4 Nh5 18. Nxd7 Qxd7 19. Kf2 a5 20. bxa5 Rxa5 21. a4 Bg6 22. Rb1 Rga8 23. Nc3 R5a7 24. Rb4 Be8 25. Qb3 h6 26. Rh1 Qc7 27. Ne2 Bd7 28. Nc1 Rg8 29. Nd3 Bc8 30. Ne5 g6 31. Bf1 Rg7 32. Be2 Qd8 33. Qc2 Qf6 34. Rbb1 Kh7 35. Qb3 Qd8 36. Qb4 Nf6 37. Ra1 Nd7 1/2-1/2

[Event "Frankfurt-chA"]
[Site "Frankfurt"]
[Date "2012.06.04"]
[Round "5"]
[White "Stockmann, Michael"]
[Black "Marzahn, Heiko"]
[Result "1-0"]
[WhiteElo "2235"]
[BlackElo "2000"]
[PlyCount "109"]
[EventDate "2012.04.30"]
[EventType "swiss"]
[EventRounds "7"]
[EventCountry "GER"]
[SourceTitle "EXT 2013"]
[Source "ChessBase"]
[SourceDate "2012.11.22"]
[SourceVersion "1"]
[SourceVersionDate "2012.11.22"]
[SourceQuality "1"]

1. d4 f5 2. g3 Nf6 3. Bg2 e6 4. b3 c6 5. Nf3 d5 6. 0-0 Bd6 7. c4 0-0 8. Qc2 Ne4 9. Bb2 b6 10. Ne5 Bb7 11. f3 Ng5 12. Nd3 Nd7 13. Nd2 c5 14. cxd5 exd5 15. dxc5 bxc5 16. f4 Ne4 17. Nxe4 fxe4 18. Nf2 Qe7 19. Rfd1 Nb6 20. e3 Rac8 21. Qe2 Rc7 22. Rac1 c4 23. Bd4 Bc5 24. Be5 Rcc8 25. Bh3 Rcd8 26. Bd4 Ba3 27. Rc2 Ba6 28. Qh5 Qf7 29. Qxf7+ Kxf7 30. Ng4 Rd6 31. Ne5+ Ke7 32. Bxb6 axb6 33. bxc4 Bc5 34. cxd5 Bxe3+ 35. Kg2 Bc5 36. Nc4 e3 37. Nxd6 Kxd6 38. Bg4 Bb5 39. Rb2 Ba4 40. Rd3 Re8 41. Bd1 Bd7 42. g4 Bc8 43. Be2 h5 44. h3 hxg4 45. hxg4 Bb7 46. Kg3 Re4 47. g5 g6 48. Rd1 Rd4 49. Rbb1 Bxd5 50. Rxd4 Bxd4 51. Rd1 Kc5 52. Rc1+ Kd6 53. Bd3 Bxa2 54. Bxg6 e2 55. Bd3 1-0

[Event "Wiesbaden op 23rd"]
[Site "Wiesbaden"]
[Date "2011.08.27"]
[Round "4"]
[White "Marzahn, Heiko"]
[Black "Fellhauer, Clemens"]
[Result "1/2-1/2"]
[WhiteElo "1984"]
[BlackElo "2178"]
[PlyCount "68"]
[EventDate "2011.08.25"]
[EventType "swiss"]
[EventRounds "7"]
[EventCountry "GER"]
[SourceTitle "CBM 144 Extra"]
[Source "ChessBase"]
[SourceDate "2011.10.28"]
[SourceVersion "1"]
[SourceVersionDate "2011.10.28"]
[SourceQuality "1"]

1. e4 c5 2. Nf3 d6 3. d4 Nf6 4. Nc3 cxd4 5. Nxd4 g6 6. Be3 Bg7 7. f3 0-0 8. Qd2 Nc6 9. g4 d5 10. g5 Nh5 11. exd5 Nxd4 12. Bxd4 e5 13. Bc5 Re8 14. Ne4 b6 15. Ba3 Qd7 16. 0-0-0 Rd8 17. Qb4 Bf8 18. Qb3 Bxa3 19. Qxa3 Kg7 20. h4 Bb7 21. Bh3 Qc7 22. d6 Qc4 23. Rhe1 Nf4 24. Bf1 Qe6 25. Nf6 Rac8 26. d7 Rc5 27. b4 Rc7 28. Ne8+ Rxe8 29. dxe8Q Qxe8 30. Qe3 Re7 31. Bc4 Ng2 32. Qb3 Nxe1 33. Rxe1 b5 34. Bd5 Bxd5 1/2-1/2

[Event "Wiesbaden op 23rd"]
[Site "Wiesbaden"]
[Date "2011.08.27"]
[Round "5"]
[White "Nabavi, Parwis"]
[Black "Marzahn, Heiko"]
[Result "1-0"]
[WhiteElo "2202"]
[BlackElo "1984"]
[PlyCount "79"]
[EventDate "2011.08.25"]
[EventType "swiss"]
[EventRounds "7"]
[EventCountry "GER"]
[SourceTitle "CBM 144 Extra"]
[Source "ChessBase"]
[SourceDate "2011.10.28"]
[SourceVersion "1"]
[SourceVersionDate "2011.10.28"]
[SourceQuality "1"]

1. d4 e6 2. c4 f5 3. g3 Nf6 4. Bg2 d5 5. Nf3 c6 6. 0-0 Bd6 7. b3 Qe7 8. Bb2 b6 9. a4 Bb7 10. a5 0-0 11. axb6 axb6 12. Rxa8 Bxa8 13. Qc2 Ne4 14. Ne5 c5 15. f3 Ng5 16. Nd2 Bxe5 17. dxe5 f4 18. gxf4 Rxf4 19. e3 Rf8 20. f4 Nf7 21. Rd1 Nc6 22. Nf1 d4 23. exd4 Nxd4 24. Bxd4 cxd4 25. Bxa8 Rxa8 26. Rxd4 Nh6 27. Qg2 Rf8 28. Qc6 Rxf4 29. Rxf4 Qg5+ 30. Ng3 Qxf4 31. Qe8+ Qf8 32. Qxe6+ Kh8 33. Qxb6 Ng4 34. Qd4 h5 35. Nxh5 Qf5 36. Ng3 Qf3 37. e6 Ne3 38. Qd8+ Kh7 39. Qd3+ Kg8 40. Qe2 1-0

[Event "Wiesbaden op 23rd"]
[Site "Wiesbaden"]
[Date "2011.08.26"]
[Round "2"]
[White "Marzahn, Heiko"]
[Black "Kaspereit, Holger"]
[Result "1-0"]
[WhiteElo "1984"]
[BlackElo "2124"]
[PlyCount "59"]
[EventDate "2011.08.25"]
[EventType "swiss"]
[EventRounds "7"]
[EventCountry "GER"]
[SourceTitle "CBM 144 Extra"]
[Source "ChessBase"]
[SourceDate "2011.10.28"]
[SourceVersion "1"]
[SourceVersionDate "2011.10.28"]
[SourceQuality "1"]

1. e4 d5 2. exd5 Qxd5 3. Nc3 Qd6 4. d4 Nf6 5. g3 a6 6. Bg2 Bg4 7. Nf3 Nc6 8. 0-0 e6 9. h3 Bh5 10. Bf4 Qd8 11. g4 Bg6 12. Ne5 Nxd4 13. Bxb7 Bxc2 14. Qc1 Be4 15. Bxe4 Nxe4 16. Re1 Nd6 17. Ne2 Nxe2+ 18. Rxe2 Be7 19. Qc6+ Kf8 20. Rae1 Rb8 21. Nd7+ Kg8 22. Nxb8 Qxb8 23. Qxa6 h5 24. g5 Qb4 25. Qa8+ Kh7 26. Qf3 Nf5 27. Re4 Qxb2 28. Rxe6 fxe6 29. Qxh5+ Kg8 30. Qe8+ 1-0

[Event "Frankfurt-ch"]
[Site "Frankfurt"]
[Date "2010.05.17"]
[Round "4"]
[White "Marzahn, Heiko"]
[Black "Kripfganz, Sebastian"]
[Result "0-1"]
[WhiteElo "1984"]
[BlackElo "2002"]
[PlyCount "88"]
[EventDate "2010.04.26"]
[EventType "swiss"]
[EventRounds "7"]
[EventCountry "GER"]
[SourceTitle "EXT 2011"]
[Source "ChessBase"]
[SourceDate "2010.11.26"]
[SourceVersion "1"]
[SourceVersionDate "2010.11.26"]
[SourceQuality "1"]

1. e4 c5 2. Nf3 Nc6 3. d4 cxd4 4. Nxd4 Nf6 5. Nc3 d6 6. Bg5 e6 7. Qd2 Be7 8. 0-0-0 0-0 9. Nb3 Qb6 10. f3 Rd8 11. Be3 Qc7 12. Qf2 Nd7 13. g4 a6 14. g5 b5 15. f4 Rb8 16. h4 Nb6 17. Kb1 b4 18. Ne2 Nc4 19. Bc1 a5 20. Ng3 d5 21. exd5 exd5 22. g6 a4 23. gxf7+ Kh8 24. Nc5 N6a5 25. Nxa4 Qc6 26. b3 Na3+ 27. Bxa3 bxa3 28. Qa7 Bg4 29. Be2 Bxe2 30. Nxe2 Bb4 31. Rhg1 Qb7 32. Qd4 Qxf7 33. Rg5 Nc6 34. Qd3 d4 35. Rdg1 Bf8 36. h5 Nb4 37. Qg3 d3 38. c3 dxe2 39. cxb4 Rd1+ 40. Kc2 Rc8+ 41. Nc3 Qd7 42. Qe3 Bxb4 43. Rxg7 Qf5+ 44. Qe4 Qxe4# 0-1

[Event "Karl Mala Memorial op 12th"]
[Site "Frankfurt"]
[Date "2009.07.18"]
[Round "4"]
[White "Kerski, Bjoern Ole"]
[Black "Marzahn, Heiko"]
[Result "1-0"]
[WhiteElo "1544"]
[BlackElo "2004"]
[PlyCount "77"]
[EventDate "2009.07.16"]
[EventType "swiss"]
[EventRounds "7"]
[EventCountry "GER"]
[SourceTitle "EXT 2010"]
[Source "ChessBase"]
[SourceDate "2010.11.25"]
[SourceVersion "1"]
[SourceVersionDate "2010.11.25"]
[SourceQuality "1"]

1. d4 Nf6 2. Bg5 Ne4 3. Bf4 d5 4. Nd2 Bf5 5. e3 e6 6. Ngf3 Bd6 7. Bg3 Nxg3 8. hxg3 h6 9. Bd3 Bxd3 10. cxd3 c6 11. Qb3 Qb6 12. g4 Rg8 13. g5 hxg5 14. Nxg5 Be7 15. Ngf3 Nd7 16. 0-0-0 Bf6 17. g4 0-0-0 18. g5 Be7 19. Qxb6 axb6 20. Rh3 Kc7 21. Rdh1 Ra8 22. a3 b5 23. Kc2 b4 24. axb4 Bxb4 25. Ne5 Nxe5 26. dxe5 Rgc8 27. Rh7 Bf8 28. Rh8 Kd7 29. Rg1 Ke7 30. g6 f6 31. exf6+ Kxf6 32. Rh3 b5 33. Rf3+ Ke5 34. d4+ Kd6 35. Nb3 Be7 36. Rf7 Rf8 37. Rxg7 Rxf2+ 38. Kc3 Ra2 39. Rxe7 1-0

[Event "Frankfurt-ch"]
[Site "Frankfurt"]
[Date "2009.06.22"]
[Round "6"]
[White "Marzahn, Heiko"]
[Black "Kosak, Michael"]
[Result "0-1"]
[WhiteElo "1985"]
[BlackElo "2128"]
[PlyCount "68"]
[EventDate "2009.04.27"]
[EventType "tourn"]
[EventRounds "7"]
[EventCountry "GER"]
[SourceTitle "EXT 2010"]
[Source "ChessBase"]
[SourceDate "2010.11.25"]
[SourceVersion "1"]
[SourceVersionDate "2010.11.25"]
[SourceQuality "1"]

1. e4 c5 2. Nf3 e6 3. d4 cxd4 4. Nxd4 Nc6 5. Nc3 Qc7 6. f4 a6 7. Nxc6 bxc6 8. Bd3 Bc5 9. Qe2 Rb8 10. e5 f5 11. Bxa6 Bxa6 12. Qxa6 Ne7 13. Bd2 Ba7 14. Nd1 Ra8 15. Qe2 0-0 16. Be3 Nd5 17. Bxa7 Qxa7 18. Rf1 Rfb8 19. a3 Qb6 20. Rc1 Qa5+ 21. Qd2 Qd8 22. g3 Ra4 23. Rf2 Re4+ 24. Kf1 Qb6 25. c4 Rd4 26. Qe1 Ne7 27. Rd2 c5 28. Rxd4 cxd4 29. Qd2 Qb7 30. Kg1 Qe4 31. b4 Ra8 32. Qb2 d3 33. Nf2 Qe3 34. Rd1 Qe2 0-1

[Event "Frankfurt-ch"]
[Site "Frankfurt"]
[Date "2009.05.11"]
[Round "3"]
[White "Malek, Daniel"]
[Black "Marzahn, Heiko"]
[Result "1-0"]
[WhiteElo "2313"]
[BlackElo "1985"]
[PlyCount "83"]
[EventDate "2009.04.27"]
[EventType "tourn"]
[EventRounds "7"]
[EventCountry "GER"]
[SourceTitle "EXT 2010"]
[Source "ChessBase"]
[SourceDate "2010.11.25"]
[SourceVersion "1"]
[SourceVersionDate "2010.11.25"]
[SourceQuality "1"]

1. d4 Nf6 2. c4 g6 3. Nc3 Bg7 4. e4 d6 5. Nf3 0-0 6. Be2 e5 7. 0-0 Nc6 8. d5 Ne7 9. b4 Nh5 10. Re1 f5 11. Ng5 Nf6 12. Bf3 c6 13. Bb2 h6 14. Ne6 Bxe6 15. dxe6 fxe4 16. Nxe4 Nxe4 17. Rxe4 Nf5 18. b5 Qc7 19. Re2 Rf6 20. Qa4 Ne7 21. bxc6 bxc6 22. c5 Rxe6 23. cxd6 Qxd6 24. Ba3 Qd8 25. Rd1 Nd5 26. Rc2 Qe8 27. Be4 Kh8 28. h4 Rd8 29. Rdc1 Bf6 30. h5 Bg5 31. Rb1 gxh5 32. Qxa7 Nf6 33. Bf5 Ra8 34. Qc7 Rc8 35. Qb7 Rd8 36. Bxe6 Qxe6 37. Qxc6 Qg4 38. Qf3 Qa4 39. Rc7 e4 40. Qb3 Qd4 41. Bb2 Qd6 42. Qf7 1-0

[Event "Frankfurt-ch"]
[Site "Frankfurt"]
[Date "2008.06.16"]
[Round "7"]
[White "Marzahn, Heiko"]
[Black "Richter, Tobias"]
[Result "1-0"]
[WhiteElo "1938"]
[BlackElo "2099"]
[PlyCount "111"]
[EventDate "2008.04.28"]
[EventType "swiss"]
[EventRounds "7"]
[EventCountry "GER"]
[SourceTitle "EXT 2009"]
[Source "ChessBase"]
[SourceDate "2008.11.26"]
[SourceVersion "1"]
[SourceVersionDate "2008.11.26"]
[SourceQuality "1"]

1. e4 d6 2. f4 g6 3. Nf3 Bg7 4. g3 c5 5. Bg2 Nc6 6. d3 Bg4 7. h3 Bd7 8. 0-0 b5 9. Nc3 b4 10. Nd5 Nf6 11. Ne3 e5 12. Nc4 Qc7 13. Be3 Be6 14. fxe5 Nxe5 15. Ncxe5 dxe5 16. Qd2 Rd8 17. Qf2 Rc8 18. Ng5 Bd7 19. b3 0-0 20. a4 Ne8 21. g4 Nd6 22. Qh4 h6 23. Nf3 Qd8 24. g5 h5 25. Rf2 Qe7 26. Bf1 Nb7 27. Be2 Nd8 28. Raf1 Ne6 29. Nh2 Rc6 30. Rf6 Nf4 31. Bxf4 Rxf6 32. gxf6 Bxf6 33. Qf2 exf4 34. Qxf4 Be5 35. Qf3 Qg5+ 36. Kh1 Qh4 37. Rg1 Kh7 38. Bf1 Be6 39. Qg2 Qf6 40. Nf3 Bf4 41. Qf2 Bd7 42. Qxc5 Rc8 43. Qxa7 Bb8 44. Qf2 Kg7 45. Bg2 Qb2 46. Qb6 Qxc2 47. Qd4+ Kg8 48. Qxd7 Bf4 49. e5 Rc3 50. Qe8+ Kg7 51. e6 fxe6 52. Qe7+ Kh6 53. Qf8+ Kh7 54. Qxf4 Rxd3 55. Ng5+ Kh6 56. Nxe6+ 1-0

[Event "Hessen-ch Gr-B 62nd"]
[Site "Hanau"]
[Date "2008.03.23"]
[Round "7"]
[White "Bagatsch, Thomas"]
[Black "Marzahn, Heiko"]
[Result "1-0"]
[WhiteElo "2098"]
[BlackElo "1938"]
[PlyCount "69"]
[EventDate "2008.03.19"]
[EventType "swiss"]
[EventRounds "7"]
[EventCountry "GER"]
[SourceTitle "CBM 123 Extra"]
[Source "ChessBase"]
[SourceDate "2008.05.06"]
[SourceVersion "1"]
[SourceVersionDate "2008.05.06"]
[SourceQuality "1"]

1. e4 c5 2. Nf3 Nc6 3. Bb5 g6 4. 0-0 Bg7 5. Re1 e5 6. Bxc6 dxc6 7. d3 Qe7 8. Nbd2 Nh6 9. Nc4 f6 10. a4 0-0 11. h3 Nf7 12. Be3 Be6 13. Nfd2 Rfd8 14. a5 Bf8 15. f4 exf4 16. Bxf4 Rd7 17. Qf3 Rc8 18. Rf1 Qd8 19. Be3 Be7 20. Qf2 b6 21. axb6 axb6 22. Ra6 Rb7 23. Rfa1 Nd6 24. b3 Nb5 25. b4 Nd4 26. bxc5 bxc5 27. Na5 Rb6 28. Rxb6 Qxb6 29. Ndc4 Qb4 30. e5 fxe5 31. Nxe5 Qc3 32. Ra4 Nxc2 33. Naxc6 Bd6 34. Qf6 Bd7 35. Bh6 1-0